O Faust de Goethe e a traducção do Visconde de Castilho / (Record no. 167022)

MARC details
000 -LEADER
campo de control de longitud fija 00657nam a22001815i 4500
001 - NÚMERO DE CONTROL
campo de control 167022
003 - IDENTIFICADOR DE NÚMERO DE CONTROL
campo de control ES-MaACL
005 - FECHA Y HORA DE LA ÚLTIMA TRANSACCIÓN
campo de control 20251005063132.0
008 - DATOS DE LONGITUD FIJA--INFORMACIÓN GENERAL
campo de control de longitud fija 011220s1872 po |||| | por d
040 ## - FUENTE DE CATALOGACIÓN
Centro catalogador/agencia de origen CAM
Lengua de catalogación spa
Centro/agencia transcriptor CAM
100 1# - ENTRADA PRINCIPAL--NOMBRE DE PERSONA
Nombre de persona Vasconcellos, Joaquim de,
Fechas asociadas al nombre 1849-1936
9 (RLIN) 133567
245 12 - MENCIÓN DEL TÍTULO
Título O Faust de Goethe e a traducção do Visconde de Castilho /
Mención de responsabilidad, etc. por Joaquim de Vasconcellos.
260 ## - PUBLICACIÓN, DISTRIBUCIÓN, ETC.
Lugar de publicación, distribución, etc. Porto :
Nombre del editor, distribuidor, etc. [s.n.],
Fecha de publicación, distribución, etc. 1872 (
Fabricante Imprensa Portugueza)
300 ## - DESCRIPCIÓN FÍSICA
Extensión XII, 585 p., [1] h. pleg. ;
Dimensiones 21 cm.
600 14 - PUNTO DE ACCESO ADICIONAL DE MATERIA--NOMBRE DE PERSONA
Nombre de persona Goethe, Johann Wolfgang von,
Fechas asociadas al nombre 1749-1832.
Título de la obra Faust
9 (RLIN) 57573
852 ## - LOCALIZACIÓN
Ubicación ES-MaACL
Número de control de estantería G-8969
Nota libre -- Enc. hol.
Holdings
Estatus retirado Estado de pérdida Estado de daño No para préstamo Colección Biblioteca de origen Biblioteca actual Ubicación en estantería Fecha de adquisición Fuente de adquisición Total de préstamos Signatura topográfica completa Código de barras Visto por última vez Precio de reemplazo Tipo de ítem Koha
        Libros del s. XIX Biblioteca del Ateneo de Madrid Biblioteca del Ateneo de Madrid Sala Pecera Planta 3 17/01/2008     G-8969 1175203 23/02/2023 23/02/2023 Libro impreso antiguo